• 首页
  • 本馆介绍
  • 公告通知
  • 最新文献
  • 馆藏检索
  • 电子资源
  • 读者导购
  • 参考咨询
  • 我的图书馆
  • 登录
  • 详细信息显示
  • 放入我的书架
  • 预约/预借图书
  • 作者相关作品
  • 分类相关作品
  • 丛书相关作品
  • 出版社相关作品

书目信息

  • 表格格式
  • 工作单格式
  • 卡片格式
题名:
新托福考试专项进阶
    
 
作者: 米尔希 , 麦科马克 编著 ;蔡青 , 刘洋 , 河晰兰 译
分册:   初级写作
出版信息: 北京   群言出版社  2009
页数: 249页
开本: 28cm
丛书名: 新东方大愚英语学习丛书
单 册:
中图分类: H310.41 , H315
科图分类:
主题词: 英语--ying yu--高等教育--自学参考资料 , 英语--ying yu--写作--高等教育--自学参考资料
电子资源:
ISBN: 978-7-80080-974-3
000 01859nam 2200385 450
001 012001012409
005 20131115211340.0
010    @a978-7-80080-974-3@dCNY40.00 (含光盘)
010    @a978-7-900743-40-4
099    @aCAL 012010040159
100    @a20091217d2009 em y0chiy50 ea
101 0  @achi@aeng
102    @aCN@b110000
105    @aak z 000yy
106    @ar
200 1  @a新托福考试专项进阶@Axin tuo fu kao shi zhuan xiang jin jie@i初级写作@d= How to master skills for the TOEFL iBT@iWriting basic@fArthur H. Milch, Denise McCormack@g蔡青, 刘洋, 河晰兰译@zeng
210    @a北京@c群言出版社@d2009
215    @a249页@c图@d28cm@e光盘1片
225 2  @a新东方大愚英语学习丛书@Axin dong fang da yu ying yu xue xi cong shu
314    @aCIP题责任者Milch汉译姓: 米尔希 ; 责任者McCormack规范汉译姓: 麦科马克
330    @a《新托福考试专项进阶》系列丛书从托福考试所考查的听、说、读、写四项技能入手,为考生提供了详尽的考试指导,并将各技能分为初、中、高三级,通过独特的“进阶训练”方式,再辅以大量练习,让考生逐步掌握托福实考的技巧,同时切实提高英语实际运用能力,从而在短期内轻松取得托福高分。本丛书内容编排由易到难,循序渐进,实战性强,是不可多得的托福备考资料。
410  0 @12001@a新东方大愚英语学习丛书
500 10 @aHow to master skills for the TOEFL iBT@mChinese
517 1  @a托福考试专项进阶@Atuo fu kao shi zhuan xiang jin jie
606 0  @a英语@Aying yu@x高等教育@j自学参考资料
606 0  @a英语@Aying yu@x写作@x高等教育@j自学参考资料
690    @aH310.41@v4
690    @aH315@v4
701  1 @a米尔希@Ami er xi@g(Milch, Arthur H.)@4编著
701  1 @a麦科马克@Amai ke ma ke@g(McCormack, Denise)@4编著
702  0 @a蔡青@ACai Qing@4译@3CAL n2004230887#@7jt0yjt0y@7ec0yec0y
702  0 @a刘洋@Aliu yang@4译
702  0 @a河晰兰@Ahe xi lan@4译
801  2 @aCN@b上海新华@c20191020
905    @b1179131-4@dH310.41@e1760@f4
    
    新托福考试专项进阶.初级写作= How to master skills for the TOEFL iBT.Writing basic/Arthur H. Milch, Denise McCormack/蔡青, 刘洋, 河晰兰译.-北京:群言出版社,2009
    249页:图;28cm+光盘1片.-(新东方大愚英语学习丛书)
    
    
    ISBN 978-7-80080-974-3:CNY40.00 (含光盘)
    《新托福考试专项进阶》系列丛书从托福考试所考查的听、说、读、写四项技能入手,为考生提供了详尽的考试指导,并将各技能分为初、中、高三级,通过独特的“进阶训练”方式,再辅以大量练习,让考生逐步掌握托福实考的技巧,同时切实提高英语实际运用能力,从而在短期内轻松取得托福高分。本丛书内容编排由易到难,循序渐进,实战性强,是不可多得的托福备考资料。
●
相关链接 在E读中查询图书 在五车中查询图书 在当当中查询图书 在豆瓣中查询图书


正题名:新托福考试专项进阶     索取号:H310.41/1760         预约/预借

序号 登录号 条形码 馆藏地/架位号 状态 备注
1 1179131   211791319   第二样本阅览室/ [索取号:H310.41/1760] 在馆    
2 1179132   211791328   第四借阅区/ [索取号:H310.41/1760] 在馆    
3 1179133   211791337   第四借阅区/ [索取号:H310.41/1760] 在馆    
4 1179134   211791346   第四借阅区/ [索取号:H310.41/1760] 在馆    
唐山师范学院图书馆 欢迎您!
大连网信软件有限公司© 版权所有